000 00950cam a2200277 a 4500
999 _c4849
_d4849
001 122279
003 GBCCL
005 20241126110528.0
008 070620s2007 miubd b 000 0 eng d
020 _a9780825439391
020 _a0825439396
035 _a(OCoLC)ocn144651009
035 _a(OCoLC)144651009
040 _aGHS
_cGHS
_dBTCTA
_dLBB
049 _aLBBK
_aLBBT
_aLBBC
082 _a228.06
_bWIL
090 _aBS2825.52
_b.W55 2007
100 1 _aWilson, Mark W.
_98837
245 1 0 _aCharts on the Book of Revelation :
_bliterary, historical, and theological perspectives /
_cMark Wilson.
260 _aGrand Rapids, Mich. :
_bKregel Publications,
_cc2007.
300 _a134 p. :
_bchiefly charts, maps ;
_c28 cm.
440 0 _aKregel charts of the Bible and theology
_98838
504 _aIncludes bibliographical references (p. 131-134).
630 0 0 _aBible.
_pN.T.
_pRevelation
_xCriticism, interpretation, etc.
_98207
942 _2ddc
_cBK
_02